Vnútrozemská vodná doprava a jej význam pre rozvoj obchodu v EÚ bakalárska práca

Salvato in:
Dettagli Bibliografici
Autore principale: Dubeňová, Dominika
Ente Autore: Obchodná fakulta EU. Katedra medzinárodného obchodu
Altri autori: Minárik, Marek
Natura: Libro
Lingua:slovacco
Pubblicazione: Bratislava 2020
Tags: Aggiungi Tag
Nessun Tag, puoi essere il primo ad aggiungerne!!

MARC

LEADER 00000nbm a2200000 4500
001 0266541
005 20201007134429.1
041 0 |a slo 
044 |a SK 
245 1 0 |a Vnútrozemská vodná doprava a jej význam pre rozvoj obchodu v EÚ  |b bakalárska práca  |c Dominika Dubeňová ; školiteľ: Marek Minárik 
264 1 |a Bratislava  |c 2020 
300 |a 57 s. 
100 1 |a Dubeňová, Dominika 
700 1 |a Minárik, Marek 
710 2 |a Obchodná fakulta EU. Katedra medzinárodného obchodu